000 00208 a2200097 4500
001 62879
090 _c37236
_d37236
100 _aReddy,J.R
245 _aOrganisational Behaviour
260 _bAPH Publishing Corporation
942 _aNUST-CAE
999 _c297952
_d297952